Philosophy & civilization : proceedings of the First Afro-Asian Philosophy Co[nf]erence, 13th to 16th March, 1978, Cairo (Egypt) /
Saved in:
| Corporate Authors: | , , , |
|---|---|
| Other Authors: | |
| Format: | Book |
| Language: | English |
| Published: |
Cairo :
Faculty of Education, Ain Shams University,
1978.
|
| Subjects: | |
| Tags: |
Add Tag
No Tags, Be the first to tag this record!
|
| LEADER | 01383nam a2200313 a 4500 | ||
|---|---|---|---|
| 001 | 004792255-9 | ||
| 005 | 20020606095253.2 | ||
| 008 | 860530s1978 ua b 100 0 eng | ||
| 010 | |a 80960424 | ||
| 035 | 0 | |a ocm05579214 | |
| 040 | |a DLC |c DLC |d HLS | ||
| 041 | 0 | |a engfre | |
| 050 | 0 | |a CB19 |b .A36 1978 | |
| 082 | 0 | |a 901 |2 19 | |
| 111 | 2 | |a Afro-Asian Philosophy Conference |n (1st : |d 1978 : |c Cairo, Egypt) | |
| 245 | 1 | 0 | |a Philosophy & civilization : |b proceedings of the First Afro-Asian Philosophy Co[nf]erence, 13th to 16th March, 1978, Cairo (Egypt) / |c editor, Mourad Wahba. |
| 246 | 3 | |a Philosophy and civilization. | |
| 260 | |a Cairo : |b Faculty of Education, Ain Shams University, |c 1978. | ||
| 300 | |a xxv, 255 p. ; |c 24 cm. | ||
| 500 | |a English and French. | ||
| 500 | |a "Organized by the Faculty of Education, Ain Shams University, in cooperation with the Arab Organization for Education, Culture, and Science under the sponsorship of FISP (Fédération internationale des sociétés de philosophie)"--P. iii. | ||
| 650 | 0 | |a Civilization |x Philosophy |v Congresses. | |
| 650 | 0 | |a Philosophy |v Congresses. | |
| 700 | 1 | |a Wahbah, Murād. | |
| 710 | 2 | |a Jāmiʻat ʻAyn Shams. |b Kullīyat al-Tarbiyah. | |
| 710 | 2 | |a Arab League Educational, Cultural, and Scientific Organization. | |
| 710 | 2 | |a International Federation of Philosophical Societies. | |
| 988 | |a 20020608 | ||
| 906 | |0 DLC | ||


